Efektívne vedenie ľudí diplomová práca

Saved in:
Bibliographic Details
Main Author: Csémyová, Zuzana
Corporate Author: Fakulta podnikového manažmentu EU. Katedra manažmentu
Other Authors: Vogl, Michaela
Format: Book
Language:Slovak
Published: Bratislava 2009
Tags: Add Tag
No Tags, Be the first to tag this record!

MARC

LEADER 00000nam$a2200000$$$4500
001 0101721
005 20240320074922.5
041 0 |a slo 
044 |a SK 
245 1 0 |a Efektívne vedenie ľudí  |b diplomová práca  |c Zuzana Csémyová ; škol. Michaela Vogl 
264 1 |a Bratislava  |c 2009 
300 |a 94 s. 
100 1 |a Csémyová, Zuzana 
700 1 |a Vogl, Michaela 
710 2 |a Fakulta podnikového manažmentu EU. Katedra manažmentu